Dobrá príležitosť pre mladých Študentská karta - nový produkt Slovenskej sporiteľne, a.s.

Rozhovor HN s vedúcimi pracovníkmi úseku tvorby zdrojov ústredia Slovenskej sporiteľne, a.s. Bratislava o upevňovaní ekonomického myslenia mládeže netradičným spôsobom. Výhody a podmienky pri využívaní študentských platobných kariet.

Guardado en:
Detalles Bibliográficos
Autor principal: Herzogová, Emília
Otros Autores: Sisková, E.
Formato: Capítulo de libro
Lenguaje:eslovaco
Materias:
Etiquetas: Agregar Etiqueta
Sin Etiquetas, Sea el primero en etiquetar este registro!

MARC

LEADER 00000naa a2200000 4500
001 r015839
005 20221213113339.5
041 0 |a slo 
044 |a SK 
245 1 0 |a Dobrá príležitosť pre mladých  |b Študentská karta - nový produkt Slovenskej sporiteľne, a.s.  |c Emília Herzogová, E. Sisková 
520 |a Rozhovor HN s vedúcimi pracovníkmi úseku tvorby zdrojov ústredia Slovenskej sporiteľne, a.s. Bratislava o upevňovaní ekonomického myslenia mládeže netradičným spôsobom. Výhody a podmienky pri využívaní študentských platobných kariet. 
610 2 0 |a služby finančné 
610 2 0 |a styk platobný bezhotovostný 
610 2 0 |a styk platobný hotovostný 
610 2 0 |a Slovenská sporiteľňa, a.s. Bratislava 
610 2 0 |a sporožíro 
610 2 0 |a karty platobné 
100 1 |a Herzogová, Emília 
700 1 |a Sisková, E.